000 00260 a2200121 4500
000 nam a22 7a 4500
020 _a9781484277058
100 _aFriesen, Jeff
_971
245 _aJava XML and JSON
250 _a2
260 _bApress
_c2019
264 _bApress
999 _c35909
_d35909